Winning Year One : Jump - Start Student Success From Day 1 (Record no. 24931)

MARC details
000 -LEADER
fixed length control field 00634nam a22002057a 4500
003 - CONTROL NUMBER IDENTIFIER
control field OSt
005 - DATE AND TIME OF LATEST TRANSACTION
control field 20260619123948.0
008 - FIXED-LENGTH DATA ELEMENTS--GENERAL INFORMATION
fixed length control field 260619b |||||||| |||| 00| 0 eng d
020 ## - INTERNATIONAL STANDARD BOOK NUMBER
International Standard Book Number 094429507X
040 ## - CATALOGING SOURCE
Transcribing agency Chuka University Libary
050 ## - LIBRARY OF CONGRESS CALL NUMBER
Classification number LB 1025.3
Item number .F84 2005
100 ## - MAIN ENTRY--PERSONAL NAME
Personal name Fuery, Carol
9 (RLIN) 30563
245 ## - TITLE STATEMENT
Title Winning Year One : Jump - Start Student Success From Day 1
260 ## - PUBLICATION, DISTRIBUTION, ETC.
Place of publication, distribution, etc. Florida
Name of publisher, distributor, etc. Sanibel SandDollar
Date of publication, distribution, etc. Florida
300 ## - PHYSICAL DESCRIPTION
Extent 137pp
650 ## - SUBJECT ADDED ENTRY--TOPICAL TERM
Topical term or geographic name entry element First year teachers - Handbooks , manuals
9 (RLIN) 30564
650 ## - SUBJECT ADDED ENTRY--TOPICAL TERM
Topical term or geographic name entry element Teaching - Handbooks , manuals
9 (RLIN) 30565
650 ## - SUBJECT ADDED ENTRY--TOPICAL TERM
Topical term or geographic name entry element Classroom management
9 (RLIN) 11400
942 ## - ADDED ENTRY ELEMENTS (KOHA)
Source of classification or shelving scheme Library of Congress Classification
Koha item type Long Loan Books
Suppress in OPAC No
Holdings
Withdrawn status Lost status Source of classification or shelving scheme Damaged status Not for loan Collection Home library Current library Shelving location Date acquired Source of acquisition Cost, normal purchase price Total Checkouts Full call number Barcode Date last seen Price effective from Koha item type
    Library of Congress Classification     General Collection Books Main Campus Library Main Campus Library General Stacks 19/06/2026 Donations from books from Africa 720.00   LB 1025.3 .F84 2005 35713/2026 19/06/2026 19/06/2026 Long Loan Books

Powered by Koha